Muqawwamat al-qiyadah al-idariyah fi al-Qur'an al-karim : qissah Sulayman `alayhi al-salam namudhajan /
مقومات القيادة الادارية في القرآن الكريم قصة سليمان عليه السلام نموذجا /
Saved in:
| Main Author: | |
|---|---|
| Format: | Thesis Book |
| Language: | Arabic |
| Subjects: | |
| Tags: |
Add Tag
No Tags, Be the first to tag this record!
|
| LEADER | 01906cam a2200397 a 4500 | ||
|---|---|---|---|
| 001 | u855503 | ||
| 003 | SIRSI | ||
| 005 | 201204241125 | ||
| 008 | 120424s2012 my t 000 0 ara m | ||
| 040 | |a UMA |d UMM |e rda | ||
| 066 | |c (3 | ||
| 090 | |a BP42 |b A3 UMP 2012 Mut | ||
| 094 | |a BP42 |b A3 UMP 2012 Mut | ||
| 100 | 1 | |6 880-01 |a Mutahar, Nasr Abdul Ghani |e author. | |
| 245 | 1 | 0 | |6 880-02 |a Muqawwamat al-qiyadah al-idariyah fi al-Qur'an al-karim : |b qissah Sulayman `alayhi al-salam namudhajan / |c Nasr `Abd al-Ghani Mutahar. |
| 246 | 1 | 5 | |a Principles of administrative leadership in the Quran : a case study on story of Prophet Sulaiman a.s |
| 264 | 1 | |c 2012. | |
| 264 | 4 | |c 2012. | |
| 300 | |a 11, 281 leaves ; |c 30 cm. | ||
| 336 | |a text |2 rdacontent | ||
| 337 | |a unmediated |2 rdamedia | ||
| 338 | |a volume |2 rdacarrier | ||
| 500 | |a Text in Arabic script. | ||
| 502 | |a Thesis (Ph.D) -- Program Pengajian Islam, Akademi Pengajian Islam, Universiti Malaya, 2012. | ||
| 504 | |a Bibliography: leaves 270-281. | ||
| 600 | 0 | 0 | |a Solomon, |c King of Israel |x In the al-Qur'an. |
| 650 | 0 | |a Leadership |x Religious aspects |x Islam. | |
| 650 | 0 | |a Authority |x Religious aspects |x Islam. | |
| 710 | 2 | |a Universiti Malaya. |b Akademi Pengajian Islam. | |
| 880 | 1 | |6 100-01/(3/r |a مطهر، نصر عبدالغني. | |
| 880 | 1 | 0 | |6 245-02/(3/r |a مقومات القيادة الادارية في القرآن الكريم قصة سليمان عليه السلام نموذجا / |c نصر عبد الغني مطهر. |
| 900 | |a JAR | ||
| 596 | |a 1 12 18 | ||
| 999 | |a BP42 A3 UMP 2012 MUT |w LC |c 1 |i A515121318 |d 29/3/2018 |e 29/3/2018 |f 25/5/2012 |g 1 |l RESERVES |m P12ISLAMKL |n 5 |r Y |s Y |t TESIS |u 25/5/2012 | ||
| 999 | |a BP42 A3 UMP 2012 MUT |w LC |c 1 |i A514680050 |l RESERVES |m P18ISLPURI |r Y |s Y |t TESIS |u 28/5/2012 | ||
| 999 | |a BP42 A3 UMP 2012 MUT |w LC |c 1 |i A515060477 |d 31/1/2016 |e 31/1/2016 |f 19/11/2012 |g 1 |l STACKS |m P01UTAMA |n 1 |r Y |s Y |t TESIS |u 14/11/2012 | ||
